FIFA Members Quiz - Statistics

General Stats
  • This quiz has been taken 33 times
  • The average score is 167 of 211
Answer Stats
Hint Answer % Correct
UEFA Andorra
93%
CONMEBOL Argentina
93%
UEFA Belgium
93%
UEFA Bosnia and Herzegovina
93%
UEFA Bulgaria
93%
UEFA Denmark
93%
UEFA England
93%
UEFA Finland
93%
UEFA Germany
93%
UEFA Greece
93%
UEFA Hungary
93%
UEFA Latvia
93%
UEFA Lithuania
93%
UEFA Netherlands
93%
UEFA Poland
93%
UEFA Romania
93%
UEFA Russia
93%
UEFA Scotland
93%
UEFA Spain
93%
UEFA Sweden
93%
UEFA Switzerland
93%
UEFA Wales
93%
UEFA Albania
89%
UEFA Austria
89%
CONMEBOL Bolivia
89%
CONMEBOL Brazil
89%
CONCACAF Canada
89%
AFC China
89%
CONMEBOL Colombia
89%
UEFA Estonia
89%
AFC Iran
89%
AFC Iraq
89%
UEFA Israel
89%
UEFA Italy
89%
AFC Lebanon
89%
UEFA Liechtenstein
89%
UEFA Luxembourg
89%
CONCACAF Mexico
89%
OFC New Zealand
89%
UEFA North Macedonia
89%
UEFA Norway
89%
CONMEBOL Paraguay
89%
UEFA Portugal
89%
UEFA Republic of Ireland
89%
UEFA San Marino
89%
UEFA Slovakia
89%
UEFA Slovenia
89%
CONCACAF United States
89%
CONMEBOL Uruguay
89%
CONMEBOL Venezuela
89%
CAF Zambia
89%
CAF Algeria
86%
AFC Australia
86%
CONCACAF Bahamas
86%
UEFA Belarus
86%
AFC Bhutan
86%
CAF Cameroon
86%
CONMEBOL Chile
86%
CONCACAF Cuba
86%
UEFA Cyprus
86%
UEFA France
86%
CONCACAF Guatemala
86%
UEFA Iceland
86%
AFC India
86%
AFC Indonesia
86%
AFC Japan
86%
AFC Jordan
86%
AFC Korea Republic
86%
UEFA Kosovo
86%
AFC Myanmar
86%
AFC Nepal
86%
CONCACAF Nicaragua
86%
AFC North Korea
86%
AFC Pakistan
86%
CONCACAF Panama
86%
AFC Philippines
86%
UEFA Serbia
86%
AFC Syria
86%
AFC Thailand
86%
CONCACAF Trinidad and Tobago
86%
UEFA Turkey
86%
UEFA Ukraine
86%
AFC Vietnam
86%
AFC Yemen
86%
AFC Afghanistan
82%
CAF Angola
82%
UEFA Armenia
82%
CONCACAF Barbados
82%
CAF Benin
82%
CAF Central African Republic
82%
CONCACAF Costa Rica
82%
UEFA Croatia
82%
UEFA Czech Republic
82%
CONMEBOL Ecuador
82%
CAF Egypt
82%
CAF Gambia
82%
CAF Ghana
82%
CAF Guinea
82%
AFC Kuwait
82%
AFC Laos
82%
UEFA Moldova
82%
UEFA Montenegro
82%
CAF Morocco
82%
UEFA Northern Ireland
82%
CONMEBOL Peru
82%
AFC Saudi Arabia
82%
CAF Seychelles
82%
CAF Somalia
82%
CAF South Africa
82%
CAF South Sudan
82%
CAF Sudan
82%
CAF Togo
82%
AFC Turkmenistan
82%
AFC United Arab Emirates
82%
CAF Zimbabwe
82%
UEFA Azerbaijan
79%
AFC Bahrain
79%
AFC Bangladesh
79%
AFC Brunei
79%
CAF Burundi
79%
AFC Cambodia
79%
CAF Chad
79%
AFC Chinese Taipei
79%
CONCACAF Dominica
79%
CONCACAF Dominican Republic
79%
CAF DR Congo
79%
CAF Equatorial Guinea
79%
CAF Eswatini
79%
CAF Guinea-Bissau
79%
CONCACAF Haiti
79%
CONCACAF Honduras
79%
CONCACAF Jamaica
79%
UEFA Kazakhstan
79%
CAF Libya
79%
CAF Mali
79%
UEFA Malta
79%
AFC Mongolia
79%
CAF Namibia
79%
CAF Niger
79%
CAF Nigeria
79%
AFC Oman
79%
CAF Senegal
79%
AFC Singapore
79%
CONCACAF St. Kitts and Nevis
79%
AFC Tajikistan
79%
CAF Tunisia
79%
CAF Uganda
79%
OFC American Samoa
75%
CONCACAF Antigua and Barbuda
75%
CAF Botswana
75%
CAF Cape Verde
75%
CAF Comoros
75%
CAF Congo
75%
AFC East Timor
75%
CONCACAF El Salvador
75%
UEFA Faroe Islands
75%
CAF Gabon
75%
UEFA Georgia
75%
CAF Kenya
75%
CAF Liberia
75%
CAF Madagascar
75%
CAF Malawi
75%
AFC Malaysia
75%
AFC Maldives
75%
CAF Mauritania
75%
CAF Mauritius
75%
CAF Mozambique
75%
CAF Rwanda
75%
OFC Samoa
75%
CAF São Tomé and Príncipe
75%
CAF Sierra Leone
75%
CONCACAF St. Lucia
75%
CONCACAF St. Vincent and the Grenadines
75%
CONCACAF Suriname
75%
CAF Tanzania
75%
OFC Tonga
75%
AFC Uzbekistan
75%
CONCACAF Belize
71%
CAF Djibouti
71%
CAF Eritrea
71%
CAF Ethiopia
71%
OFC Fiji
71%
CONCACAF Grenada
71%
CONCACAF Guyana
71%
CAF Ivory Coast
71%
AFC Kyrgyzstan
71%
OFC Papua New Guinea
71%
AFC Qatar
71%
AFC Sri Lanka
71%
CAF Burkina Faso
68%
CAF Lesotho
68%
OFC Vanuatu
68%
UEFA Gibraltar
64%
AFC Hong Kong
64%
OFC Solomon Islands
64%
CONCACAF Aruba
57%
CONCACAF British Virgin Islands
46%
CONCACAF Curaçao
46%
AFC Guam
46%
AFC Macau
46%
AFC Palestine
46%
CONCACAF Puerto Rico
43%
OFC Tahiti
43%
CONCACAF US Virgin Islands
43%
CONCACAF Bermuda
39%
CONCACAF Montserrat
39%
OFC Cook Islands
36%
OFC New Caledonia
36%
CONCACAF Cayman Islands
29%
CONCACAF Anguilla
25%
CONCACAF Turks and Caicos Islands
21%
No matching quizzes found
Score Distribution
Percent of People with Each Score
Percentile by Number Answered
Your Score History
You have not taken this quiz